| 000 | 00391nam a22001337a 4500 | ||
|---|---|---|---|
| 082 |
_a363.7392 _bNAT _cD |
||
| 100 |
_aU.S.E.P.A _938239 |
||
| 245 |
_aNATIONAL AIR QUALITY AND EMISSIONS TRENDS REPORT 1992 _cU.S.E.P.A |
||
| 260 |
_aNorth carolina 27711 _bU.S.E.P.A _c1993 |
||
| 526 |
_a0 _b0 _c0 _d363_739200000000000_NAT |
||
| 650 |
_aNUST _96342 |
||
| 700 |
_aU.S.E.P.A _938239 |
||
| 942 |
_2ddc _cBK |
||
| 999 |
_c542882 _d542882 |
||